1868 1440 1842 1785 1619 1224 1812 1371 1220 1301 1058 1765 1685 1574 1447 1497 1629 1782 1127 1079 1089 1077 1214 1806 1452 1363 1558 1019 1189 1460 1195 1951 1895 1294 1300 1768 1679 1291 1293 1327 1203 1255 1818 1003 1869 1644 1421 1889 1327 1337 1557 1016 1950 1128 1404 1989 1146 1368 1520 1972 1836 1453 1209 1573 1525 1163 1014 1317 1487 1208 1902 1498 1441 1011 1237 1349 1598 1330 1143 1344 1813 1750 1687 1793 1513 1065 1197 1462 1428 1599 1456 1738 1749 1862 1972 1560 1713 1612 1377 BCNSPRNW ULIB Ver.6.0+V

เปลี่ยนเป็นภาษาไทย

Change to English
 แสดงรายละเอียดบรรณานุกรม
  กลับหน้าหลัก

Brief Record : Get Marc (ISO 2709) : E-mail record : QR code < ปิดหน้าต่าง
LEADER : 00000nam 2200000uu 4500
001    13399112393
003     ULIB
008    110810s2540||||th 000 0 tha d
020    9746351125 (2540)
020    9741314752 (2544)
040    cl
050  4 HF5549.5^bส799ท 2540
100 0  สุนทร รัฐเลิศกานต์
245 10 เทคนิคการเขียนคำอธิบายลักษณะงาน =^bJob description writing technique /^cสุรินทร์ รัฐเลิศกานต์
246 31 Job description writing technique
250    พิมพ์ครั้งที่ 1
260    กรุงเทพฯ :^bสำนักพิมพ์จุฬาลงกรณ์มหาวิทยาลัย,^c2540
300    112 หน้า ;^c21 ซม.
591    LICL มีปี 2540, 2544
591    LIRS มีปี 2540
650  4 การอธิบายลักษณะงาน
945    ^p120^l0^i013804
945    ^p120^l0^i013805
945    ^p120^l0^i013806
995    ทศพร
999 ^a ทศพร
รายการนี้ยังไม่มีแท็ก
คุณยังไม่ได้ล็อกอิน คุณสามารถมีกิจกรรมร่วมกับเว็บไซต์ได้ แต่ต้องล็อกอินก่อน ::
  ล็อกอิน

รายการสื่อสารสนเทศ

ลำดับที่ ประเภท เลขเรียก/บาร์โค้ด สถานที่ สถานะ
- ไม่พบข้อมูล -

BibComment


ยังไม่เคยถูกคอมเมนท์

คอมเมนท์ทรัพยากรรายการนี้
  คอมเมนท์: เทคนิคการเขียนคำอ..


 Copyright 2026. Bcnsprnw @Library